2021 Design of Medical Devices Conference

Dades bibliogràfiques
Format: Electrònic Revista
Idioma:English
Publicat: ASME
Accés en línia:Full text available on ASME[2021-2021]
Off-campus access
LEADER 00934cas a2200181 a 4500
001 AALConferenceProceedingsASME000256
008 230101c9999 xx r poo 0 0eng d
020 |a 978-0-7918-8481-2 
040 |a BD-DhAAL  |c BD-DhAAL 
245 0 0 |h [electronic resource]  |a 2021 Design of Medical Devices Conference 
260 |b ASME 
300 |a 1 online resource 
500 |a <strong>Off-Campus Access:</strong> Athens ID and Password Required 
500 |a <strong>On-Campus Access:</strong> No User ID or Password Required 
506 |a Electronic access restricted to authorized BRAC University faculty, staff and students 
538 |a Mode of access: Internet 
856 4 0 |z Full text available on ASME[2021-2021]  |u https://asmedigitalcollection.asme.org/BIOMED/DMD2021/volume/84812 
856 4 0 |z Off-campus access  |u https://go.openathens.net/redirector/bracu.ac.bd?url=https%3A%2F%2Fasmedigitalcollection.asme.org%2FBIOMED%2FDMD2021%2Fvolume%2F84812